000 00720 a2200193 4500
999 _c358
_d358
020 _a9789645817532
050 0 0 _aBP218 MUS 2010
100 2 _aMujtaba Musavi Lari
245 1 0 _aGod and his attributes :
_blessons on Islamic doctrine (book one ) /
_cby Mujtaba Musavi Lari ; translated by Hamid Algar.
264 _aIran:
_bFoundation of Islamic C.P.W.,
_c2010
300 _a206 p. ;
500 _alncludes index.
504 _aIncludes bibliographical references (p. [199]-200)
650 0 _xDoctrines.
650 0 _aGod (Islam)
700 1 _aAlgar, Hamid.
942 _2lcc
_cBK
_h218
_iMUS
_kBP